|
|
|
|
| LEADER |
01363nam a22002897a 4500 |
| 001 |
33979 |
| 003 |
BD-DhAAL |
| 005 |
20181129125544.0 |
| 008 |
181129r20181997bg a|||| b||| 00| 0 ben d |
| 999 |
|
|
|c 40259
|d 40259
|
| 020 |
|
|
|a 9789849310532
|
| 040 |
|
|
|a BD-DhAAL
|
| 041 |
|
|
|a ben
|a eng
|
| 082 |
|
|
|a 954.9205
|2 22
|
| 100 |
|
|
|a ত্রিবেদী, রবীন্দ্রনাথ
|9 29087
|
| 245 |
|
|
|a একাত্তরের দশ মাস /
|c রবীন্দ্রনাথ ত্রিবেদী
|
| 246 |
|
|
|a Ekatturer doshmas
|
| 260 |
|
|
|a ঢাকা :
|b কাকলী প্রকাশনী,
|c ২০১৮ [ চতুর্থ প্রকাশ ]
|
| 300 |
|
|
|a ৮৭৩ পৃষ্ঠা :
|b চিত্র ;
|c ২২ সে. মি.
|
| 504 |
|
|
|a গ্রন্থপঞ্জিগত নির্দেশিকা অন্তভূক্ত
|
| 526 |
|
|
|a AAL
|
| 541 |
|
|
|a Rokomari.com
|e 33979
|
| 651 |
|
|
|a Bangladesh
|x History
|y Revolution, 1971
|9 29088
|
| 651 |
|
|
|a বাংলাদেশ
|x ইতিহাস
|y মুক্তিযুদ্ধ, ১৯৭১
|9 29089
|
| 852 |
|
|
|a Ayesha Abed Library
|c Bangabandhu Corner
|
| 942 |
|
|
|2 ddc
|c BK
|
| 952 |
|
|
|0 0
|1 0
|2 ddc
|4 0
|6 954_920500000000000_TRI
|7 0
|9 64631
|a BRACUL
|b BRACUL
|c BNC
|d 2018-11-05
|e Rokomari.com
|g 1060.00
|l 0
|o 954.9205 TRI
|p 3010033979
|r 2018-11-05
|t 1
|v 1060.00
|w 2018-11-05
|y BK
|